| 000 | 07061 a2200589 4500 | ||
|---|---|---|---|
| 005 | 20080819123632.0 | ||
| 008 | 080827t xxu||||| |||| 00| 0 eng d | ||
| 010 | _aB-275034-062 | ||
| 020 |
_a8180544516 _c250.00 |
||
| 035 | _aB-275034-062 | ||
| 040 |
_adpl _bEnglish |
||
| 082 | _a657.3 | ||
| 100 | _aMaheshwari, S.N. | ||
| 245 |
_aFinancial and management accounting / _cby S.N. Maheshwari |
||
| 250 | _a5th ed | ||
| 260 |
_aNew Delhi _bSultan Chand and Sons _c2008(repr.). |
||
| 270 |
_a23, Darya Ganj, _bNew Delhi _cDelhi _e110002 _k23266105 _l23266357 |
||
| 300 |
_aVarious pagings _c24 cm (Pbk) |
||
| 942 |
_adpl _cEN _2ddc _mMAH _h657.3 |
||
| 999 |
_c15145 _d15145 |
||